000 01159naa a22003017a 4500
001 BR7903219
003 BR-BrBNA
005 20240918174406.0
007 ta
008 230509b bl.||||| |||| 00| 0 por d
040 _aBR-BrBNA
_bpor
_cBiblioteca Nacional de Agricultura
041 _a(Pt)
072 _aF25
_b0336
_b3840
090 _aF25 BR7903219
100 1 _aFabricio, A.C.
100 1 _aBarbo, C.V.S.
111 1 _a3. Reuniao de Pesquisa de Soja. Regiao Centro
_cDourados, MS (Brazil)
_d3 Jul 1979
245 1 _aEfeito da aplicacao de calcario Filler em linha [soja, Glycine max]
260 3 _aDourados, MS (Brasil):
_c1979.
500 _aResultados de pesquisa com soja na Unidade de Execucao de Pesquisa de Ambito Estadual de Dourados 1978/79 Dourados, MS (Brasil): 1979. p. 143-145 (BR7903219-AM)F25
650 _aSOJA
650 _aCALCARIO
650 _aCALAGEM
650 _aRENDIMENTO
773 0 _tResultados de pesquisa com soja na Unidade de Execucao de Pesquisa de Ambito Estadual de Dourados 1978/79
_wF25 BR7903219
_gDourados, MS (Brasil), 1979. p. 143-145
909 _a202404
_bLucia
_c55
_dLucia Elande
942 _cAM
_2AGRIS
999 _c310943
_d310943